The Heavy Gustav Quiz - Sprint - Statistics

General Stats
  • This quiz has been taken 4 times
  • The average score is 3 of 5
Answer Stats
Question Answer % Correct
When did the Gustav's building start? 1937
100%
Who designed the Heavy Gustav Hitler
100%
How long was the wait time between each shot? 30-45 minutes
50%
What was the Gustav's first battle? The siege of Sebastopol
50%
How heavy were the round on the Heavy Gustav? 7 Tons
0%
No matching quizzes found
Score Distribution
Percent of People with Each Score
Percentile by Number Answered
Your Score History
You have not taken this quiz